000 00648nam a22002057a 4500
005 20160609165349.0
008 100206t xxu||||| |||| 00| 0 eng d
020 _a2-11-001709-0
_cDon
040 _aBUAC
_bFre.
_cBUC
041 _aFre.
082 _a178.1
100 _aMosès, Carole
_93461
245 _aAlcolisme et infractions contre les personnes
_bPrix Robert debre 1984
260 _aParis
_bEd. Documentation Française
_c1986
300 _a465p.
_c24 cm
504 _abibliographie PP. 436 - 456
610 _aHaut Comité d'Etude et d'Information sur l'Alcolisme
_93462
650 _aDroit pénal : alcolisme
_93463
942 _cLIVR
999 _c46907
_d46907